00486nam a2200193 a 4500001001300000003000900013005001700022008004100039020001000080082001500090100002000105245003300125260003500158300000900193500003500202505001300237650002200250700002000272nice12345678IN_TiNIC20260116011535.0050524s1955 newa grp 000 0 eng  ac10000a269.2bBRY aBryan, Dawson C aWorkable Plan of Evangelism. aNew YorkbAbingdon Pressc1955 a160p aincludes index and biblioraphy2 aAppendix aEvangelistic Work1 aBryan, Dawson C